Datum a čas kvízu

48 Celkem bodů Celkový počet nahraných bodů na tomto kvízu bez doplňovacích otázek.
1. Pořadí na kvízu Konečné umístění týmu na tomto kvízu.

Zaznamenané odpovědi

# Otázka Odpověď Body Výsledky
1. Kolik korun měl stát podle slo... 15 000 Kč 1
2. Na Světovém ekonomickém fóru v... Václava Havla 1
3. „Mí rodiče celý můj život kont... Beckhamových 1
4. Nápojářská skupina Kofola zaví... Nobilis Tilia 1
5. Minulý týden česká média infor... plyšovým aligátorem 1
6. Jak se jmenuje italský horolez... Reinhold Messner 1
7. Jak se trojslovně jmenuje disc... lezení na obtížnost 1
8. Jak se jmenuje tento základní... dračí smyčka 1
9. Za půl bodu napište jméno ikon... Matterhorn, Švýcarsko a Itálie 0
10. Jak se jmenuje fenomenální slo... B) Janja Garnbret 1